II. světová válka : holokaust : důvody, události, fakta, poučení /

Uloženo v:
Hlavní autor: Forero, María Teresa (Autor)
Další autoři: García Ayerbe, Alberto, 1973- (Autor), Jovanovičová, Hana, 1951- (Ilustrátor)
Médium: Kniha
Jazyk:Czech
Vydáno: Říčany : Sun, 2024
Vydání:1. vydání
Edice:Historie pro školáky
Témata:
Celkem bylo vypůjčeno:2x
Tagy:
Žádné tagy
LEADER 02584nam a2200661 i 4500
001 103825
003 CZ PrNK
005 20250407151218.0
007 ta
008 231109s2024 xr abc b f 000 0 cze
015 |a cnb003566236 
020 |a 9788076872929  |q (vázáno) 
040 |a OLA001  |b cze  |d ABA001  |e rda 
041 1 |a cze  |h spa 
072 7 |a 94(100)  |x Světové dějiny  |2 Konspekt  |9 8 
072 7 |a 0/9-053.2  |x Literatura pro děti a mládež (naučná)  |2 Konspekt  |9 26 
080 |a 94(100)"1939/1945"  |2 MRF 
080 |a 323.12"1939/1945"  |2 MRF 
080 |a (=411.16)  |2 MRF 
080 |a 323.28  |2 MRF 
080 |a (0.062)  |2 MRF 
080 |a (084.11)  |2 MRF 
080 |a (0.053.2)  |2 MRF 
100 1 |a Forero, María Teresa  |7 mzk2008479707  |4 aut  |9 112929 
240 1 0 |a Holocausto.  |l Česky 
245 1 0 |a II. světová válka :  |b holokaust : důvody, události, fakta, poučení /  |c text: María Forerová ; ilustrace: Alberto G. Ayerbe ; překlad: Hana Jovanovičová 
246 3 |a 2. světová válka 
246 3 |a Druhá světová válka 
246 3 0 |a Holokaust 
250 |a 1. vydání 
264 1 |a Říčany :  |b Sun,  |c 2024 
300 |a 92 stran :  |b barevné ilustrace, mapy, portréty ;  |c 21 cm 
336 |a text  |b txt  |2 rdacontent 
336 |a statický obraz  |b sti  |2 rdacontent 
337 |a bez média  |b n  |2 rdamedia 
338 |a svazek  |b nc  |2 rdacarrier 
490 1 |a Historie pro školáky 
500 |a Přeloženo ze španělštiny 
648 7 |a 1939-1945  |7 ch460653  |2 czenas  |9 52982 
650 0 7 |a druhá světová válka (1939-1945)  |7 ph117270  |2 czenas  |9 1065 
650 0 7 |a holocaust (1939-1945)  |7 ph117203  |2 czenas  |9 1361 
650 0 7 |a Židé  |7 ph127782  |x perzekuce  |y 1939-1945  |2 czenas 
650 0 9 |a World War (1939-1945)  |2 eczenas 
650 0 9 |a holocaust (1939-1945)  |2 eczenas 
650 0 9 |a Jews  |x persecution  |y 1939-1945  |2 eczenas 
655 7 |a populárně-naučné publikace  |7 fd131864  |2 czenas  |9 102 
655 7 |a obrazové publikace  |7 fd132947  |2 czenas  |9 53754 
655 7 |a publikace pro děti  |7 fd133156  |2 czenas  |9 23 
655 9 |a popular works  |2 eczenas 
655 9 |a pictorial works  |2 eczenas 
655 9 |a children's literature  |2 eczenas 
700 1 |a García Ayerbe, Alberto,  |d 1973-  |7 xx0213409  |4 ill  |9 31317 
700 1 |a Jovanovičová, Hana,  |d 1951-  |7 xx0037169  |4 trl  |9 112795 
830 0 |a Historie pro školáky 
910 |a UOG502 
942 |2 ddc  |c KN 
999 |d 103825 
993 |0 0  |1 421180104485  |2 ddc  |4 0  |6 94_000000000000000  |7 0  |9 96095  |b 0  |c 104485  |d 2025-04-07  |e 2  |f M  |g 94  |h 179.00  |i Koupě  |l M  |m 1  |r 2026-03-26  |s 2026-02-12  |t 7  |w 2025-04-07  |y KN  |z NAUCNA  |n